Diszkont légitársaságok térnyerése és hatásuk a repülőtér fejlesztésre

Bibliográfiai részletek
Szerző: Bot Viktória
További közreműködők: Petykó Dr. Csilla
Dokumentumtípus: Diplomadolgozat
Kulcsszavak:Diszkont légitársaság
WizzAir
Ryanair
Légitársaságok
Liszt Ferenc Nemzetközi Repülőtér
Online Access:http://dolgozattar.uni-bge.hu/8579

MARC

LEADER 00000nta a2200000 i 4500
001 dolg8579
005 20170206132415.0
008 161209suuuu hu om 000 hun d
040 |a BGE Dolgozattár Repozitórium  |b hun 
041 |a hu 
100 1 |a Bot Viktória 
245 1 0 |a Diszkont légitársaságok térnyerése és hatásuk a repülőtér fejlesztésre  |c Bot Viktória  |h [elektronikus dokumentum] 
695 |a Diszkont légitársaság 
695 |a WizzAir 
695 |a Ryanair 
695 |a Légitársaságok 
695 |a Liszt Ferenc Nemzetközi Repülőtér 
700 1 |a Petykó Dr. Csilla  |e ths 
856 4 0 |u http://dolgozattar.uni-bge.hu/8579/7/szakdogaBotVikt%C3%B3ria.pdf  |z Dokumentum-elérés